Sports Quiz

Random Sports or Baseball Quiz

MLB Most All-Star Appearances per Team Quiz Stats

 Plays Quiz Updated Jul 20, 2018

Score 0/30 Timer 06:00
5 Plays Today
Team Player % Correct
BravesHank Aaron
85.1%
OriolesCal Ripken
83.9%
MarinersIchiro Suzuki and Ken Griffey Jr.
83.1%
GiantsWillie Mays
83.1%
PadresTony Gwynn
79.7%
YankeesMickey Mantle
78.1%
Red SoxTed Williams
78%
DiamondbacksPaul Goldschmidt
76.8%
RoyalsGeorge Brett
76.7%
AstrosCraig Biggio
76.5%
CardinalsStan Musial
76%
PhilliesMike Schmidt
73.5%
CubsErnie Banks
73.3%
PiratesRoberto Clemente
71.1%
RockiesTodd Helton and Troy Tulowitzki
70.4%
Team Player % Correct
RedsJohnny Bench
66.5%
Nationals/ExposGary Carter and Tim Raines
66.3%
TwinsHarmon Killebrew
58%
RangersIvan Rodriguez
56.9%
BrewersRyan Braun
55.5%
TigersAl Kaline
55.3%
RaysCarl Crawford and David Price
50.2%
MetsTom Seaver
48.7%
AthleticsMark McGwire
46.6%
AngelsMike Trout
46.1%
MarlinsMiguel Cabrera and Giancarlo Stanton
40.3%
IndiansLou Boudreau and Bob Feller
34.1%
White SoxNellie Fox
33.3%
DodgersPee Wee Reese
24.9%
Blue JaysDave Stieb
18.9%

You're not logged in!

Compare scores with friends on all Sporcle quizzes.
OR
Log In

Show Comments

Extras

Top Quizzes Today


Score Distribution

Your Account Isn't Verified!

In order to create a playlist on Sporcle, you need to verify the email address you used during registration. Go to your Sporcle Settings to finish the process.

Report this User

Report this user for behavior that violates our Community Guidelines.

Details: